Statistiche per Tutti gli Stati che hanno controllato Città del Messico

Clicka qui per fare il quiz!

Statistiche generali

  • Questo quiz è stato fatto 12 volte
  • Il punteggio medio è 5 su 11

Statistiche sulle risposte

Risposta% Corretto
Impero Coloniale Spagnolo (Vicereame di Nuova Spagna)
100%
Impero Azteco
88%
Stati Uniti Messicani
88%
Primo Impero Messicano
50%
Stati Uniti d'America
50%
Secondo Impero Francese
38%
Prima Repubblica Messicana
25%
Seconda Repubblica Messicana
25%
Secondo Impero Messicano
25%
Terza Repubblica Messicana
25%
Porfiriato
13%

Distribuzione punteggi

Percentile per numero di risposta

Percentuale di utenti per punteggio

I tuoi punteggi nel tempo

Non hai fatto questo quiz